Normal view MARC view
  • Rivero Castro, Rosario

Entry Nombre Personal

Number of records used in: 2

001 - NUMERO DE CONTROL

  • campo de control: 49754

003 - IDENTIFICADOR DE NUMERO DE CONTROL

  • campo de control: UPN

005 - FECHA Y HORA DE LA ÜLTIMA TRANSACCIÓN

  • campo de control: 20230818095909.0

008 - DATOS DE LONGITUD FIJA

  • campo de control de longitud fija: 230816|| acz||aabn | a|a d

040 ## - FUENTE DE CATALOGACIÓN

  • Agencia original de catalogación: MX-MxUPN

100 1# - ENCABEZAMIENTO - NOMBRE PERSONAL

  • Nombre personal: Rivero Castro, Rosario

370 ## - LUGAR ASOCIADO

  • Place of birth: Chile

371 ## - DIRECCIÓN

  • Electronic mail address: rosario.rivero@udp.cl

372 ## - CAMPO DE ACTIVIDAD

  • Field of activity: Ciencias sociales, economía, pedagogía
  • Field of activity: Docencia e investigación

373 ## - GRUPO ASOCIADO

  • Associated group: Universidad Diego Portales, Santiago, Chile. Facultad de Educación

374 ## - OCUPACIÓN

  • Occupation: Doctora en Educación
  • Occupation: Profesora e investigadora universitaria

400 1# - VEÁSE - NOMBRE DE PERSONA

  • Personal name: Rivero, Rosario

670 ## - FUENTE EN LA QUE SE LOCALIZARON DATOS

  • Cita de la fuente: En recurso en línea Calidad en la educación No. 48 (2018):
  • Información localizada: página 17 (Rosario Rivero)
  • Uniform Resource Identifier: https://www.calidadenlaeducacion.cl/index.php/rce/article/view/478/477

902 ## - CATALOGADOR

  • Catalogador: RGJD/160823